200 Most Famous Cities in Italy on a Map - Statistics

General Stats
  • This quiz has been taken 685 times
  • The average score is 85 of 215
Answers on the Map
Answers color-coded by a green-red scale on the quiz's map according to % correct below.
 
Answer Stats
Wiki Monthly Views Cityquiz Mention Rate Population Answers % Correct
668.68K 68.12% 2754.72K Rome
97%
359.79K 57.22% 1371.85K Milan
95%
301.50K 39.03% 363.84K Florence
94%
298.27K 49.91% 911.70K Naples
94%
197.35K 39.68% 846.93K Turin
94%
438.78K 51.89% 250.37K Venice
94%
130.84K 35.14% 628.89K Palermo
93%
176.04K 32.09% 561.95K Genoa
92%
94.92K 20.36% 316.21K Bari
90%
176.20K 26.25% 390.52K Bologna
89%
132.48K 19.56% 199.40K Trieste
86%
76.19K 14.01% 298.21K Catania
85%
91.60K 23.42% 89.37K Pisa
85%
130.85K 20.20% 255.64K Verona
85%
59.94K 18.22% 147.38K Cagliari
84%
63.79K 16.49% 198.50K Parma
82%
47.80K 10.42% 217.90K Messina
80%
85.74K 10.17% 207.30K Padua
79%
93.96K 10.44% 116.05K Syracuse
79%
60.98K 7.15% 83.80K Como
77%
38.43K 6.71% 169.79K Reggio Calabria
77%
37.03K 4.29% 171.34K Reggio Emilia
77%
96.25K 13.08% 120.50K Bergamo
76%
63.21K 8.49% 185.01K Modena
76%
84.22K 6.65% 156.34K Ravenna
74%
58.81K 10.17% 118.89K Trento
74%
56.80K 7.86% 198.69K Brescia
73%
47.03K 7.39% 186.80K Taranto
73%
59.18K 8.51% 150.27K Rimini
72%
46.74K 8.07% 94.43K Lecce
70%
49.53K 6.82% 126.62K Salerno
70%
44.87K 7.86% 98.43K Udine
70%
31.15K 4.86% 33.18K Aosta
69%
43.30K 6.87% 99.24K Ancona
68%
51.54K 5.63% 129.56K Ferrara
68%
43.95K 6.59% 153.19K Livorno
68%
58.96K 5.06% 162.53K Perugia
68%
70.43K 7.35% 106.56K Bolzano
67%
80.93K 9.78% 53.01K Siena
67%
58.90K 7.02% 89.14K Lucca
66%
41.51K 6.06% 92.72K La Spezia
65%
18.88K 5.08% 120.88K Sassari
65%
36.94K 4.26% 82.27K Brindisi
64%
37.92K 5.42% 123.12K Monza
64%
39.44K 5.59% 118.63K Pescara
64%
20.09K 2.10% 198.03K Prato
64%
21.53K 3.00% 127.49K Latina
62%
45.11K 3.10% 110.83K Vicenza
61%
24.11K 3.80% 145.72K Foggia
60%
34.73K 3.17% 103.12K Piacenza
60%
25.52K 5.99% 91.94K Alessandria
59%
21.44K 2.39% 102.52K Novara
59%
39.90K 3.97% 85.28K Treviso
56%
35.46K 5.85% 23.81K Pompei
55%
70.03K 3.40% 6.79K Capri
54%
23.76K 1.70% 117.21K Forlì
54%
30.00K 2.43% 69.90K L'Aquila
54%
37.62K 2.47% 71.09K Cremona
53%
45.85K 3.89% 53.04K Sanremo
53%
22.98K 3.56% 73.68K Ragusa
52%
23.01K 1.85% 106.68K Terni
52%
38.98K 2.84% 96.43K Arezzo
51%
21.75K 2.13% 73.79K Asti
51%
54.54K 4.29% 49.22K Mantua
50%
25.69K 2.43% 69.36K Imola
49%
12.31K 1.51% 65.99K Massa
49%
19.58K 1.89% 96.14K Cesena
48%
21.93K 2.77% 84.11K Catanzaro
47%
53.43K 1.50% 4.34K Lampedusa
47%
21.15K 2.92% 61.49K Olbia
47%
23.22K 2.27% 64.12K Potenza
47%
23.27K 2.40% 55.22K Trapani
47%
36.39K 2.52% 71.38K Pavia
46%
31.70K 2.15% 55.32K Agrigento
45%
29.06K 3.77% 58.29K Crotone
45%
18.65K 1.95% 81.64K Grosseto
45%
79.63K 2.10% 59.62K Matera
45%
19.10K 1.14% 89.12K Pistoia
44%
21.92K 2.41% 63.69K Cosenza
43%
11.47K 1.42% 82.51K Fiumicino
43%
39.89K 2.59% 4.64K Amalfi
42%
33.18K 4.07% 56.04K Benevento
41%
27.45K 1.19% 59.79K Carrara
41%
19.92K 1.47% 79.83K Marsala
41%
24.48K 2.18% 58.62K Savona
41%
25.34K 1.80% 78.82K Varese
41%
13.24K 1.00% 96.87K Andria
40%
19.30K 0.23% 80.74K Ostia
40%
23.96K 1.35% 95.58K Pesaro
40%
25.30K 1.44% 66.24K Viterbo
40%
13.14K 1.03% 92.42K Barletta
39%
13.95K 1.10% 72.53K Carpi
38%
23.23K 1.41% 72.48K Caserta
38%
13.92K 0.94% 70.81K Gela
38%
25.97K 1.96% 33.73K Gorizia
38%
12.31K 1.08% 58.34K Caltanissetta
37%
20.07K 1.96% 56.01K Cuneo
37%
37.69K 2.08% 15.30K Sorrento
37%
21.06K 1.76% 47.45K Campobasso
36%
35.08K - 0.01K Civita di Bagnoregio
36%
70.91K 0.55% 0.62K Stromboli
36%
19.86K 2.02% 43.45K Frosinone
35%
20.69K 2.46% 47.15K Lecco
35%
20.71K 1.33% 52.34K Pordenone
35%
15.83K 1.36% 42.38K Imperia
34%
44.13K 2.11% 27.55K Assisi
33%
19.78K 1.20% 52.16K Avellino
33%
18.27K 2.15% 49.00K Empoli
33%
35.94K 3.48% 13.84K Urbino
33%
20.00K 1.07% 35.49K Belluno
32%
52.31K 0.73% 5.52K Cortina d'Ampezzo
32%
19.62K 0.66% 60.79K Viareggio
32%
16.85K 1.00% 48.59K Chieti
31%
20.40K 1.20% 51.75K Civitavecchia
31%
15.61K 1.12% 25.37K Enna
31%
15.50K 1.07% 45.19K Lodi
31%
16.26K 1.17% 150.22K Mestre
31%
16.60K 0.88% 45.63K Vercelli
31%
28.19K 1.61% 42.27K Alghero
30%
18.80K 0.52% 47.57K Chioggia
30%
22.49K 1.37% 5.61K Otranto
30%
16.55K 0.92% 45.27K Rieti
30%
13.56K 0.92% 50.10K Rovigo
30%
38.38K 1.02% 10.50K Taormina
30%
23.08K 1.66% 45.48K Ascoli Piceno
29%
22.52K 4.14% 41.01K Sassuolo
29%
16.34K 0.52% 58.84K Faenza
28%
47.64K 0.72% 19.59K Ischia
28%
14.73K 0.61% 67.21K Lamezia Terme
28%
10.17K 1.28% 33.61K Nuoro
28%
46.62K 0.94% 7.49K San Gimignano
28%
29.32K 1.20% 55.20K Tivoli
28%
16.26K 1.13% 22.93K Ventimiglia
28%
15.60K 1.24% 42.95K Biella
27%
21.03K 2.10% 19.11K Gallipoli
27%
14.65K 0.81% 54.95K Trani
27%
22.67K 0.37% 62.37K Castellammare di Stabia
26%
38.49K 1.71% 41.40K Merano
26%
18.19K 0.50% 76.21K Pozzuoli
26%
9.01K 1.10% 30.27K Oristano
25%
19.24K 1.49% 59.35K Anzio
24%
32.94K 0.40% 7.28K Pantelleria
24%
19.70K 0.93% 36.19K Spoleto
24%
24.53K 1.04% 23.00K Brixen
23%
46.41K 1.18% 10.28K Corleone
23%
18.02K 0.74% 40.55K Macerata
23%
50.78K 0.95% 0.36K Portofino
23%
14.29K 0.45% 31.15K Alba
22%
19.52K 0.67% 13.86K Cefalù
22%
13.90K 0.87% 33.92K Crema
22%
16.78K 0.74% 17.73K Domodossola
22%
21.59K 0.43% 19.33K Gaeta
22%
28.00K 0.71% 19.37K Orvieto
22%
37.87K 1.01% 3.72K Positano
22%
14.16K 0.43% 30.10K Monfalcone
21%
15.88K 0.80% 47.85K Monopoli
21%
19.51K 0.46% 24.57K Netum
21%
18.38K 0.52% 30.36K Gubbio
20%
17.67K 0.46% 5.78K Tropea
20%
17.32K 0.01% 0.39K Vulcano
20%
26.20K 0.42% 3.15K Aquileia
19%
14.47K 0.70% 35.04K Cassino
19%
17.04K 0.49% 2.61K Courmayeur
19%
17.02K 0.17% 7.58K Grado
19%
15.32K 0.42% 22.48K Ivrea
19%
17.66K 0.27% 26.86K Jesolo
19%
10.03K 0.92% 34.43K Riccione
19%
32.19K 0.44% 10.17K Alberobello
18%
22.99K 0.48% 42.43K Bassano del Grappa
18%
28.51K 0.97% 17.79K Capua
18%
17.45K 0.31% 10.39K Salò
18%
17.78K 0.41% 47.03K San Benedetto del Tronto
18%
18.51K 0.50% 30.02K Verbania
18%
30.16K 0.47% 9.48K Volterra
18%
22.55K 0.07% 10.77K Cividale del Friuli
16%
31.28K 0.51% 6.80K Livigno
16%
19.74K 0.46% 13.24K Montepulciano
16%
18.26K 0.47% 29.91K Ostuni
16%
38.05K 0.32% 1.79K Campione d'Italia
15%
13.99K 0.28% 39.40K Jesi
15%
36.02K - 0.13K Paestum
15%
16.05K 0.34% 44.05K Senigallia
15%
23.80K 0.59% 8.31K Sirmione
15%
20.40K 0.02% 0.49K Tremiti
15%
17.56K 0.38% 17.14K Bruneck
14%
19.08K 0.17% 38.20K Città di Castello
14%
21.37K 0.25% 6.75K Forte dei Marmi
14%
22.06K 0.12% 5.33K Palmanova
14%
15.90K 0.81% 17.86K Riva del Garda
14%
13.96K 0.50% 40.81K Vasto
14%
14.93K 0.51% 3.94K Bormio
13%
21.80K 1.06% 17.30K Maranello
13%
14.09K 0.18% 4.64K Maratea
13%
14.09K 0.34% 3.59K Bellagio
12%
19.81K 0.21% 21.04K Cortona
12%
28.81K 0.13% 3.34K Innichen
12%
17.00K 0.16% 1.97K Pienza
12%
23.12K 0.23% 17.46K Polignano a Mare
12%
16.71K 0.16% 10.04K Procida
12%
24.88K 0.33% 2.21K Amatrice
11%
13.95K 0.23% 34.45K Conegliano
11%
15.45K 0.26% 0.31K Manarola
11%
15.28K 0.09% 3.25K Porto Venere
11%
14.11K 0.13% 4.76K Urtijëi
11%
15.80K 0.19% 26.00K Erice
10%
16.88K 0.13% 21.18K Montecatini Terme
10%
17.23K - 10.03K Monteriggioni
10%
14.21K 0.17% 22.10K Ortona
10%
16.79K 0.84% 14.58K Vinci
10%
20.29K 0.09% 6.31K Predappio
9%
14.08K 0.12% 26.32K San Giovanni Rotondo
9%
23.75K 0.12% 8.65K Castel Gandolfo
8%
14.15K 0.19% 12.99K Loreto
8%
18.22K - 0.59K Craco
7%
14.85K 0.06% 8.53K Subiaco
6%
No matching quizzes found
Score Distribution
Percent of People with Each Score
Percentile by Number Answered
Your Score History
You have not taken this quiz